[Event "World Senior 65+ 2014"]
[Site "Katerini GRE"]
[Date "2014.11.01"]
[Round "8.29"]
[White "Reuben, Stewart"]
[Black "Acosta, Mariano USA"]
[Result "1-0"]
[WhiteTitle "CM"]
[WhiteElo "2089"]
[BlackElo "1942"]
[WhiteFideId "405256"]
[BlackFideId "2008629"]
[EventDate "2014.10.24"]

1. c4 e5 2. g3 h5 3. d3 h4 4. Nf3 hxg3 5. fxg3 Nc6 6. Bg2 Bb4+ 7. Bd2 a5 8. Nc3
Bxc3 9. Bxc3 d6 10. Qd2 f6 11. d4 exd4 12. Nxd4 Ne5 13. b3 a4 14. O-O Ne7 15.
Rad1 c6 16. Nf3 Nf7 17. Qe3 Bd7 18. b4 Qc7 19. Bd4 Ra6 20. Nh4 Ne5 21. c5 d5 22.
Bxe5 Qxe5 23. Rd3 O-O 24. Qd2 Bg4 25. Re3 Qc7 26. Qd4 Bc8 27. a3 Ra8 28. Qf4
Qxf4 29. Rxf4 g5 30. Rf1 Kf7 31. Rxe7+ Kxe7 32. Ng6+ Kf7 33. Nxf8 Bg4 34. Nh7
Kg7 35. Nxf6 Bxe2 36. Rf2 Ba6 37. Bf1 1-0

[Event "World Senior 65+ 2014"]
[Site "Katerini GRE"]
[Date "2014.11.01"]
[Round "8.30"]
[White "Kiselev, Alexander"]
[Black "Korenevski, Oleg"]
[Result "1/2-1/2"]
[WhiteElo "2122"]
[BlackElo "1915"]
[WhiteFideId "14105900"]
[BlackFideId "3206386"]
[EventDate "2014.10.24"]

1. d4 d5 2. c4 Nc6 3. Nf3 Bg4 4. cxd5 Bxf3 5. dxc6 Bxc6 6. Nc3 Nf6 7. Bf4 e6 8.
e3 Bb4 9. Qb3 Nd5 10. Bg3 O-O 11. Be2 Nxc3 12. bxc3 Bd6 13. O-O Bxg3 14. hxg3
Qd5 15. Qxd5 Bxd5 16. c4 Be4 17. f3 Bg6 18. Rfd1 Rfd8 19. e4 Rd7 20. Rd2 Rad8
21. Rad1 c6 22. Kf2 f6 23. Ke3 Bf7 1/2-1/2

[Event "World Senior 65+ 2014"]
[Site "Katerini GRE"]
[Date "2014.11.01"]
[Round "8.31"]
[White "Shamis, Mordehay"]
[Black "Nickl, Klaus"]
[Result "0-1"]
[WhiteElo "1824"]
[BlackElo "2113"]
[WhiteFideId "2808374"]
[BlackFideId "1601024"]
[EventDate "2014.10.24"]

1. d4 Nf6 2. c4 g6 3. Nc3 Bg7 4. e4 d6 5. f3 c6 6. Be3 a6 7. Qd2 O-O 8. Bd3 b5
9. cxb5 axb5 10. Nge2 b4 11. Nd1 Ba6 12. O-O c5 13. Bxa6 Nxa6 14. b3 Nd7 15. Bh6
Bxh6 16. Qxh6 cxd4 17. f4 d3 18. Ng3 Qb6+ 19. Kh1 Qd4 20. Rc1 Nac5 21. Rc4 Qg7
22. Qxg7+ Kxg7 23. Rf2 Rfb8 24. e5 d5 25. Rc1 e6 26. Rd2 Rc8 27. h4 f6 28. exf6+
Nxf6 29. Kh2 Ng4+ 30. Kh3 h5 31. Nh1 Ne4 32. Rxc8 Rxc8 33. Rxd3 Rc1 0-1

[Event "World Senior 65+ 2014"]
[Site "Katerini GRE"]
[Date "2014.11.01"]
[Round "8.32"]
[White "Davydov, Mihail"]
[Black "Kayaman, Metin"]
[Result "1/2-1/2"]
[WhiteElo "2076"]
[BlackElo "1878"]
[WhiteFideId "4679962"]
[BlackFideId "6301185"]
[EventDate "2014.10.24"]

1. e4 c5 2. Nf3 Nc6 3. Bb5 Nf6 4. e5 Nd5 5. Nc3 Nc7 6. Bxc6 dxc6 7. h3 g6 8. O-O
Bg7 9. d3 O-O 10. Be3 b6 11. Qd2 Nd5 12. Bh6 Qc7 13. Rfe1 Rd8 14. Bxg7 Kxg7 15.
Nxd5 Rxd5 16. Qf4 h6 17. Re3 Be6 18. b3 Rad8 19. Rae1 b5 1/2-1/2

[Event "World Senior 65+ 2014"]
[Site "Katerini GRE"]
[Date "2014.11.01"]
[Round "8.33"]
[White "Hernandez M., Emilio Gustavo"]
[Black "Blaushtain, Boris"]
[Result "0-1"]
[WhiteElo "1801"]
[BlackElo "2018"]
[WhiteFideId "3901475"]
[BlackFideId "2804638"]
[EventDate "2014.10.24"]

1. d4 Nf6 2. c4 e6 3. Nc3 d5 4. Nf3 c6 5. e3 Bd6 6. Bd3 Nbd7 7. O-O h6 8. e4
dxe4 9. Nxe4 Nxe4 10. Bxe4 O-O 11. Be3 e5 12. dxe5 Nxe5 13. Rc1 f5 14. Bb1 Qf6
15. Rc3 Nxf3+ 16. Qxf3 Be5 17. Rd3 Bxb2 18. Rfd1 Be6 19. Bd4 Bxd4 20. Rxd4 Rad8
21. Rd6 Rxd6 22. Rxd6 Qe5 23. Qd3 Qe1+ 24. Qf1 Qxf1+ 25. Kxf1 Bxc4+ 26. Ke1 Bd5
27. f3 b5 28. a3 a5 29. Rd7 b4 30. axb4 axb4 31. Kd2 g6 32. Ke3 Rf7 33. Rd8+ Kg7
34. g3 Rc7 35. Rd6 Bf7 36. g4 fxg4 37. fxg4 c5 38. Rb6 b3 39. Kd3 c4+ 40. Kc3
Re7 41. Kd2 Rd7+ 42. Kc3 Rd1 43. Be4 Re1 44. Kd4 g5 45. Rb7 c3 46. Rxf7+ Kxf7
47. Bd5+ Kf6 48. Bxb3 Rc1 49. Kd3 Ke5 50. Ke3 Rb1 51. Bc2 Rh1 52. Kd3 Rxh2 53.
Kxc3 Rxc2+ 54. Kxc2 Kf4 0-1

[Event "World Senior 65+ 2014"]
[Site "Katerini GRE"]
[Date "2014.11.01"]
[Round "8.34"]
[White "Awawdeh, Fayez"]
[Black "Lukovski, Lev"]
[Result "0-1"]
[WhiteTitle "FM"]
[WhiteElo "2012"]
[BlackElo "1917"]
[WhiteFideId "8100721"]
[BlackFideId "4634837"]
[EventDate "2014.10.24"]

1. e4 d6 2. d4 Nf6 3. Bd3 e5 4. c3 Be7 5. dxe5 dxe5 6. Qc2 Nbd7 7. Nf3 c6 8. h3
Qc7 9. Bg5 Nc5 10. Nbd2 Nxd3+ 11. Qxd3 Be6 12. O-O h6 13. Bh4 g5 14. Bg3 Nd7 15.
a4 f6 16. b4 a5 17. Rfb1 b6 18. Nh2 h5 19. f3 c5 20. b5 c4 21. Qe2 Rd8 22. Bf2
Bc5 23. Rd1 Bxf2+ 24. Kxf2 Ke7 25. Nhf1 Nc5 26. Ne3 Nd3+ 27. Kg1 Nf4 28. Qf2 Rd3
29. Rac1 Rhd8 30. Ndf1 Bxh3 31. Nd5+ Nxd5 32. Rxd3 cxd3 33. exd5 Bc8 34. c4 Rxd5
35. cxd5 Qxc1 36. Kh2 Qc5 37. Ne3 f5 38. g3 f4 39. gxf4 exf4 40. Nd1 Qxf2+ 41.
Nxf2 d2 42. Kg2 Bf5 43. Kf1 Bc2 44. Ke2 d1=Q+ 45. Nxd1 Bxd1+ 46. Kxd1 Kd6 0-1

[Event "World Senior 65+ 2014"]
[Site "Katerini GRE"]
[Date "2014.11.01"]
[Round "8.35"]
[White "Robinson, John K"]
[Black "Benson, Lachlan"]
[Result "1-0"]
[WhiteElo "1983"]
[BlackElo "1998"]
[WhiteFideId "406490"]
[BlackFideId "3205410"]
[EventDate "2014.10.24"]

1. d4 Nf6 2. c4 c5 3. d5 g6 4. Nc3 d6 5. e4 Bg7 6. Be2 O-O 7. Nf3 a6 8. a4 Bg4
9. h3 Bxf3 10. Bxf3 Nbd7 11. Be2 Qc7 12. O-O h6 13. Be3 Kh7 14. Qc2 Rae8 15.
Rad1 e6 16. Bf4 e5 17. Bc1 Re7 18. Kh1 Rfe8 19. g4 g5 20. h4 Rh8 21. h5 Rhe8 22.
Rd3 Kg8 23. Rg3 Nh7 24. Nd1 Rb8 25. Ne3 Ree8 26. Nf5 Bf8 27. Bd2 b5 28. cxb5
axb5 29. Bxb5 Rec8 30. Rc1 Nhf6 31. Kg2 Nb6 32. Kh3 c4 33. Rc3 Qa7 34. Be3 Qa5
35. f3 Nfd7 36. Qf2 Nxa4 37. Bxd7 Rxb2 38. Qxb2 Nxb2 39. Bxc8 Nd3 40. R1c2 Ne1
41. Rxc4 Nxc2 42. Rxc2 Qe1 43. Kg2 Bg7 44. Bf2 Qd1 45. Ra2 Qb3 46. Ra8 Bf8 47.
Bd7 Qb7 48. Bc6 Qc7 49. Ra7 Qb8 50. Rb7 Qc8 51. Ba7 Qd8 52. Nxh6+ Kg7 53. Nf5+
Kf6 54. Bb6 Qc8 55. h6 Kg6 56. h7 Kxh7 57. Rxf7+ Kg8 58. Ra7 Qb8 59. Bf2 Qb4 60.
Bd7 Qb8 61. Be6+ Kh8 62. Rd7 Qe8 63. Nxd6 Bxd6 64. Rxd6 Qb8 65. Rc6 Qb3 66. Bf5
Kg7 67. d6 Qb5 68. Rb6 Qe8 69. d7 Qd8 70. Rc6 Qa5 71. Rc8 Qd2 72. d8=Q Qxd8 73.
Rxd8 Kf6 74. Rd6+ Kg7 75. Re6 Kf7 76. Rxe5 1-0

[Event "World Senior 65+ 2014"]
[Site "Katerini GRE"]
[Date "2014.11.01"]
[Round "8.36"]
[White "Belokopyt, Boris"]
[Black "Kronlaks, Olafs"]
[Result "1/2-1/2"]
[WhiteElo "1940"]
[BlackElo "1836"]
[WhiteFideId "4152530"]
[BlackFideId "11604077"]
[EventDate "2014.10.24"]

1. e4 e6 2. d3 d5 3. Nd2 Nf6 4. Ngf3 g6 5. g3 Bg7 6. Bg2 O-O 7. O-O c5 8. c3 Nc6
9. e5 Nd7 10. d4 b6 11. Re1 Ba6 12. b3 cxd4 13. cxd4 Re8 14. Ba3 f6 15. Rc1 Rc8
16. Bd6 fxe5 17. dxe5 Nc5 18. Bxc5 bxc5 19. Rxc5 Nxe5 20. Rxc8 Nxf3+ 21. Nxf3
Bxc8 22. Ne5 Qc7 23. f4 Qc3 24. Qc1 Qd4+ 25. Qe3 Qxe3+ 26. Rxe3 Ba6 27. Rc3 Rc8
28. Rxc8+ Bxc8 29. Bh3 Kf8 30. Kf2 Ke7 31. Ke3 Kd6 32. Kd4 g5 33. Bf1 gxf4 34.
gxf4 a5 35. Bd3 h6 36. a3 Bb7 37. b4 axb4 38. axb4 Bf6 39. h3 Bg7 1/2-1/2

[Event "World Senior 65+ 2014"]
[Site "Katerini GRE"]
[Date "2014.11.01"]
[Round "8.38"]
[White "Zurel, Maxim"]
[Black "Borensztajn, David"]
[Result "1/2-1/2"]
[WhiteElo "1725"]
[BlackElo "1940"]
[WhiteFideId "816710"]
[BlackFideId "2106817"]
[EventDate "2014.10.24"]

1. e4 c5 2. Nf3 e6 3. Nc3 a6 4. a3 Qc7 5. Bc4 b5 6. Ba2 Bb7 7. d3 Nf6 8. Bg5 d6
9. Qe2 Nbd7 10. O-O Rc8 11. h3 b4 12. Nd1 h6 13. Bf4 e5 14. Bh2 Be7 15. Ne3 Nb6
16. Bb3 bxa3 17. Rxa3 O-O 18. Ra2 c4 19. Nxc4 Nxc4 20. Bxc4 Nxe4 21. Bxa6 Bxa6
22. Rxa6 Nc5 23. Ra2 Ra8 24. Rfa1 Rxa2 25. Rxa2 Ne6 26. c3 Qb7 27. b4 Rc8 28.
Ra3 Qb5 29. Ra5 Qb6 30. Ra3 Qb5 31. Ra5 Qb6 32. Qe1 Qc6 33. c4 Bd8 34. Ra2 f6
35. b5 Qb7 36. Ra6 Nc5 37. Rxd6 Be7 38. Rd5 Ra8 39. g3 Ra3 40. Qe2 Nd7 41. Qe4
Ra1+ 42. Kg2 Qa7 43. Qf5 Nb6 44. Nh4 Nxd5 45. Qe6+ Kh7 46. Qf5+ Kg8 47. Qe6+ Kh7
48. Qf5+ Kg8 1/2-1/2

[Event "World Senior 65+ 2014"]
[Site "Katerini GRE"]
[Date "2014.11.01"]
[Round "8.39"]
[White "Urbanc, Vinko"]
[Black "Rubinstein, Mark"]
[Result "1-0"]
[WhiteElo "1849"]
[BlackElo "1931"]
[WhiteFideId "14607425"]
[BlackFideId "2807076"]
[EventDate "2014.10.24"]

1. e4 e6 2. d4 d5 3. Nc3 Nf6 4. e5 Nfd7 5. f4 c5 6. Nce2 Nc6 7. c3 a5 8. Nf3 b6
9. g3 Ba6 10. Bg2 Qc7 11. O-O g6 12. Rf2 h6 13. Be3 O-O-O 14. a3 b5 15. a4 b4
16. g4 c4 17. Ng3 b3 18. f5 gxf5 19. gxf5 Nb6 20. fxe6 fxe6 21. Bh3 Re8 22. Nh4
Qh7 23. Qh5 Kd8 24. Ng6 Rg8 25. Nf4 Bc8 26. Raf1 Qg7 27. Qf3 Re7 28. Nh5 Qg6 29.
Nf6 Rh8 30. Rg2 Ra7 31. Ngh5 Qf7 32. Nf4 Ne7 33. Bg4 Nf5 34. Bh5 Qc7 35. Bf2 Qc6
36. Ng6 1-0

[Event "World Senior 65+ 2014"]
[Site "Katerini GRE"]
[Date "2014.11.01"]
[Round "8.40"]
[White "Choong, Liong-On Mark"]
[Black "Keze, Arnis"]
[Result "1/2-1/2"]
[WhiteTitle "CM"]
[WhiteElo "1921"]
[BlackElo "1684"]
[WhiteFideId "5806410"]
[BlackFideId "4165845"]
[EventDate "2014.10.24"]

1. c4 e6 2. Nf3 Nf6 3. g3 c6 4. Bg2 d5 5. b3 Be7 6. Bb2 Qb6 7. Qc2 Nbd7 8. O-O
O-O 9. d3 Re8 10. Nbd2 Bd6 11. Nh4 e5 12. Nf5 Bc5 13. e3 Nf8 14. Nh4 Ng4 15. b4
Bxb4 16. d4 Bxd2 17. Qxd2 dxc4 18. Rab1 exd4 19. Bxd4 Qd8 20. Qc2 Be6 21. h3 Nf6
22. Rxb7 Qc8 23. Rfb1 c5 24. Bxf6 gxf6 25. Kh2 Ng6 26. Nxg6 hxg6 27. Qc3 Kg7 28.
h4 Rh8 29. Kg1 Qd8 30. e4 Qd4 31. Qf3 Rhd8 32. Bf1 c3 33. Rc1 Qd2 34. Rxc3 Qxa2
35. Rxc5 Qa1 36. Qe2 Rd1 37. h5 Bh3 38. Kh2 Rxf1 39. Kxh3 Rh1+ 40. Kg4 gxh5+ 41.
Kf4 Qd4 42. Qa2 Rf8 43. Rcc7 Qd6+ 44. Kf3 Qd3+ 45. Kf4 Qd6+ 46. Kf3 Qd3+ 47. Kf4
Qd6+ 1/2-1/2

[Event "World Senior 65+ 2014"]
[Site "Katerini GRE"]
[Date "2014.11.01"]
[Round "8.41"]
[White "Rozewicz, Joseph"]
[Black "Hmooda, Elhabib"]
[Result "1/2-1/2"]
[WhiteElo "1576"]
[BlackElo "1718"]
[WhiteFideId "403318"]
[BlackFideId "9202528"]
[EventDate "2014.10.24"]

1. e4 e5 2. Nf3 Nc6 3. Bb5 d6 4. d4 exd4 5. Nxd4 Bd7 6. Nxc6 bxc6 7. Be2 Nf6 8.
Nc3 Be7 9. O-O O-O 10. b3 Qc8 11. Bb2 Ng4 12. Bxg4 Bxg4 13. f3 Be6 14. Ne2 f5
15. Nf4 Bf6 16. Bxf6 Rxf6 17. Nxe6 Qxe6 18. exf5 Qxf5 19. Qe2 Re6 20. Qf2 c5 21.
Rae1 Rae8 22. Rxe6 Qxe6 23. c4 Qe2 24. Qxe2 Rxe2 25. Rf2 Re1+ 26. Rf1 Re2 1/2-1/2

[Event "World Senior 65+ 2014"]
[Site "Katerini GRE"]
[Date "2014.11.01"]
[Round "8.42"]
[White "Tobar Salas, Juan Carlos"]
[Black "El Gheiadi, I."]
[Result "1/2-1/2"]
[WhiteElo "1538"]
[BlackElo "2085"]
[WhiteFideId "3416682"]
[BlackFideId "9200037"]
[EventDate "2014.10.24"]

1. d4 d5 2. Nf3 Nf6 3. Bf4 c6 4. h3 Bf5 5. e3 e6 6. c4 Bxb1 7. Rxb1 Bb4+ 8. Ke2
Ne4 9. c5 Qa5 10. Qc2 Qxa2 11. Rc1 O-O 12. Kd1 Nd7 13. Bd3 f5 14. Ke2 Qa5 15.
Qb3 g5 16. Ra1 Ndxc5 17. dxc5 Nxc5 18. Qc2 Qb6 19. Nxg5 a5 20. Be5 Nd7 21. Bd4
c5 22. Bc3 c4 23. Bxb4 cxd3+ 24. Qxd3 axb4 25. g4 Ne5 26. Qd4 Qb5+ 27. Kd2 Nc4+
28. Kc2 e5 29. Qd3 e4 30. Qd4 fxg4 31. Rxa8 Rxa8 32. Rb1 b3+ 33. Kd1 Rf8 34. Ne6
Rf7 35. Ra1 Nxe3+ 36. Qxe3 Qf1+ 37. Qe1 Qd3+ 38. Qd2 Qf3+ 39. Qe2 Qh1+ 40. Qe1
Qf3+ 41. Qe2 Rf5 42. hxg4 Qh1+ 43. Qe1 Qf3+ 44. Qe2 1/2-1/2

[Event "World Senior 65+ 2014"]
[Site "Katerini GRE"]
[Date "2014.11.01"]
[Round "8.43"]
[White "Pihlajamaki, Antti"]
[Black "Topaloglu, Hayati"]
[Result "1/2-1/2"]
[WhiteElo "1863"]
[BlackElo "1848"]
[WhiteFideId "503290"]
[BlackFideId "6310338"]
[EventDate "2014.10.24"]

1. e4 e6 2. d4 d5 3. exd5 exd5 4. Nf3 Nf6 5. Bd3 Bd6 6. Ne5 Nbd7 7. f4 c5 8. c3
Qb6 9. Qb3 Qxb3 10. axb3 cxd4 11. cxd4 O-O 12. Nc3 a6 13. O-O Re8 14. Bd2 Nb6
15. Rae1 Bd7 16. Nxd7 Nbxd7 17. Bf5 1/2-1/2

[Event "World Senior 65+ 2014"]
[Site "Katerini GRE"]
[Date "2014.11.01"]
[Round "8.44"]
[White "Mitsakos, Achilleas"]
[Black "Booth, Anthony"]
[Result "0-1"]
[WhiteElo "1584"]
[BlackElo "1796"]
[WhiteFideId "4207726"]
[BlackFideId "4302699"]
[EventDate "2014.10.24"]

1. e4 e5 2. Nf3 Nc6 3. Bb5 a6 4. Ba4 Nf6 5. O-O b5 6. Bb3 Be7 7. Re1 O-O 8. h3
Bb7 9. c3 d5 10. exd5 Nxd5 11. Nxe5 Nxe5 12. d4 Ng6 0-1

[Event "World Senior 65+ 2014"]
[Site "Katerini GRE"]
[Date "2014.11.02"]
[Round "9.1"]
[White "Zakharov, Alexander"]
[Black "Balashov, Yuri S"]
[Result "1/2-1/2"]
[WhiteTitle "IM"]
[BlackTitle "GM"]
[WhiteElo "2331"]
[BlackElo "2429"]
[WhiteFideId "4103564"]
[BlackFideId "4100263"]
[EventDate "2014.10.24"]

1. d4 Nf6 2. c4 e6 3. Nf3 Bb4+ 4. Bd2 Qe7 5. e3 b6 6. Bxb4 Qxb4+ 7. Qd2 Qxd2+ 8.
Nfxd2 Bb7 9. Nc3 a6 10. Be2 d6 11. O-O Nbd7 12. b4 Ke7 13. Rfb1 a5 14. bxa5 Rxa5
15. Nb3 Raa8 16. f3 d5 17. a4 Ba6 18. cxd5 Nxd5 19. Nxd5+ exd5 20. Bb5 Kd6 21.
e4 dxe4 22. fxe4 c6 23. Bf1 f6 24. Nd2 Bxf1 25. Kxf1 Ra6 26. a5 Rha8 27. Ra3 Ke6
28. Rg3 g6 29. axb6 Rxb6 30. Rxb6 Nxb6 31. Rb3 Nd7 32. Ke2 f5 33. exf5+ Kxf5 34.
Rc3 Ra6 35. Kf3 Nf6 36. g4+ Ke6 37. Ne4 Nxe4 38. Kxe4 Kd6 39. Rf3 Ra2 40. h3
Re2+ 41. Kd3 Ra2 42. Ke4 Re2+ 43. Kd3 Ra2 1/2-1/2

[Event "World Senior 65+ 2014"]
[Site "Katerini GRE"]
[Date "2014.11.02"]
[Round "9.3"]
[White "Zhelnin, Vladimir V"]
[Black "Frumson, Yury"]
[Result "1/2-1/2"]
[WhiteTitle "IM"]
[BlackTitle "FM"]
[WhiteElo "2471"]
[BlackElo "2179"]
[WhiteFideId "4105567"]
[BlackFideId "4116402"]
[EventDate "2014.10.24"]

1. e4 e5 2. Nf3 Nc6 3. Bb5 Nge7 4. c3 g6 5. d4 exd4 6. cxd4 d5 7. e5 Bg7 8. O-O
O-O 9. Nc3 Bg4 10. Be3 Nf5 11. Bxc6 bxc6 12. h3 Bxf3 13. Qxf3 f6 14. e6 Re8 15.
g4 Nd6 16. Rfe1 f5 17. Rac1 Qf6 18. Na4 Nc4 19. b3 Nxe3 20. Qxe3 fxg4 21. hxg4
Qh4 22. Qg3 Qxg3+ 23. fxg3 Bxd4+ 24. Kg2 Rad8 25. Rxc6 Rd6 26. Rxd6 cxd6 27. Rd1
Be5 28. Rxd5 Rxe6 29. Rd3 Re7 30. Nc3 Rc7 31. Nb5 Rb7 32. Nd4 Rc7 33. Kf3 Kf7
34. Nb5 Rd7 35. Nc3 Ke6 36. Nd5 Rf7+ 37. Nf4+ Kd7 38. g5 Rf5 39. Kg4 Bxf4 40.
gxf4 d5 41. Kf3 Kd6 42. Ke3 Rf7 43. Rd4 Kc5 44. Ra4 Kb5 45. Kd3 a5 46. a3 Rf5
47. Rd4 Kc6 48. Ke3 Rf7 49. Rd3 Re7+ 50. Kf3 Rb7 51. Rc3+ Kd6 52. Rd3 Kc5 53.
Ke3 Re7+ 54. Kd2 d4 55. Rf3 Rf7 56. Rf1 Kd5 57. Rh1 Rb7 58. Rb1 Rf7 59. Rf1 Rb7
60. Rb1 Rb6 61. b4 axb4 62. axb4 Kc4 63. Rc1+ Kd5 64. Rb1 1/2-1/2

[Event "World Senior 65+ 2014"]
[Site "Katerini GRE"]
[Date "2014.11.02"]
[Round "9.4"]
[White "Malisov, Boris"]
[Black "Suba, Mihai"]
[Result "1-0"]
[BlackTitle "GM"]
[WhiteElo "2250"]
[BlackElo "2341"]
[WhiteFideId "2802503"]
[BlackFideId "1203363"]
[EventDate "2014.10.24"]

1. g3 d5 2. Bg2 c6 3. Nf3 Bg4 4. h3 Bxf3 5. Bxf3 Nd7 6. d3 e6 7. Nd2 Ngf6 8. e4
Qb8 9. Qe2 Be7 10. Bg2 O-O 11. O-O Rd8 12. Nf3 a5 13. e5 Ne8 14. h4 h6 15. Bf4
a4 16. a3 Qa7 17. h5 Nf8 18. g4 Nh7 19. Qd2 Qa5 20. c3 Rd7 21. Rae1 Qd8 22. Bg3
Nc7 23. Nh2 Bh4 24. Bxh4 Qxh4 25. d4 c5 26. f4 Na6 27. Re3 Rc8 28. Rh3 Qe7 29.
Nf3 cxd4 30. cxd4 Rdc7 31. Rf2 Rc1+ 32. Kh2 Qc7 33. Ne1 Nb8 34. g5 hxg5 35. fxg5
Rxe1 36. Qxe1 Nxg5 37. Rg3 Qe7 38. Qe3 Nh7 39. Bh3 Kh8 40. Rfg2 Rg8 41. Qg1 Qf8
42. Rf2 Qe7 43. Rfg2 Qf8 44. Bg4 Nc6 45. Bd1 Qe7 46. Kh3 f6 47. exf6 Qxf6 48.
Rg6 Qf5+ 49. Bg4 Ng5+ 50. Kh4 Qe4 51. Rxg5 Nxd4 52. Kh3 Rf8 53. Rg3 Qf4 54. Bd1
Nf5 55. R3g4 Qd2 56. Rxf5 exf5 57. Rg2 Qh6 58. Qd4 Re8 59. Rg6 Qe3+ 60. Qxe3
Rxe3+ 61. Rg3 Re1 62. Rd3 b5 63. Rxd5 Kh7 64. Kg3 b4 65. axb4 Re4 66. b5 Rb4 67.
Rxf5 Kh6 68. Rc5 Rxb2 69. Bxa4 g6 70. hxg6 Kxg6 71. Bc2+ Kf6 72. Kf4 Ke6 73. Bd3 1-0

[Event "World Senior 65+ 2014"]
[Site "Katerini GRE"]
[Date "2014.11.02"]
[Round "9.5"]
[White "Lederman, Leon"]
[Black "Rooze, Jan"]
[Result "1-0"]
[WhiteTitle "IM"]
[BlackTitle "IM"]
[WhiteElo "2233"]
[BlackElo "2341"]
[WhiteFideId "2800403"]
[BlackFideId "200050"]
[EventDate "2014.10.24"]

1. e4 c5 2. Nf3 e6 3. d4 cxd4 4. Nxd4 a6 5. Bd3 Bc5 6. Nb3 Be7 7. c4 d6 8. Nc3
Nf6 9. Be3 b6 10. O-O Bb7 11. Rc1 Nbd7 12. Qe2 Qc7 13. Nd2 O-O 14. f4 Rfe8 15.
Bb1 Rac8 16. g4 g6 17. g5 Nh5 18. Qf2 Qb8 19. Bd3 Bc6 20. Be2 Ng7 21. Bg4 Bf8
22. Qh4 Be7 23. Qh3 f5 24. gxf6 Bxf6 25. b4 b5 26. c5 dxc5 27. bxc5 b4 28. Ne2
h5 29. Bf3 e5 30. Nc4 Rf8 31. Nd6 Rc7 32. f5 gxf5 33. exf5 e4 34. Bxh5 Nxh5 35.
Qxh5 Ne5 36. Nd4 Nf3+ 37. Rxf3 exf3 38. Nxc6 Rxc6 39. Qxf3 Rc7 40. Qd5+ Kh8 41.
Kh1 Rh7 42. c6 b3 43. axb3 Qb4 44. c7 Qh4 45. Bg1 1-0

[Event "World Senior 65+ 2014"]
[Site "Katerini GRE"]
[Date "2014.11.02"]
[Round "9.6"]
[White "Van Riemsdijk, Herman C."]
[Black "Pritchett, Craig W"]
[Result "1/2-1/2"]
[WhiteTitle "IM"]
[BlackTitle "IM"]
[WhiteElo "2339"]
[BlackElo "2315"]
[WhiteFideId "2100053"]
[BlackFideId "2400065"]
[EventDate "2014.10.24"]

1. e4 c5 2. Nf3 e6 3. d4 cxd4 4. Nxd4 a6 5. c4 Nf6 6. Nc3 Qc7 7. Be2 b6 8. Be3
Bb7 9. f3 d6 10. O-O Nbd7 11. Qd2 Be7 12. Rfd1 O-O 13. Bf1 Rac8 14. Rac1 Qb8 15.
Qf2 Rfe8 16. Kh1 Bd8 17. Nb3 Bc7 18. Bf4 Nh5 19. Be3 Nhf6 20. Bf4 Nh5 21. Be3
Nhf6 1/2-1/2

[Event "World Senior 65+ 2014"]
[Site "Katerini GRE"]
[Date "2014.11.02"]
[Round "9.7"]
[White "Vasiukov, Evgeni"]
[Black "Serra Olives, Tomas"]
[Result "1-0"]
[WhiteTitle "GM"]
[BlackTitle "FM"]
[WhiteElo "2448"]
[BlackElo "2156"]
[WhiteFideId "4100522"]
[BlackFideId "2203774"]
[EventDate "2014.10.24"]

1. c4 Nf6 2. Nc3 e6 3. Nf3 c5 4. g3 b6 5. Bg2 Bb7 6. O-O d6 7. Re1 Be7 8. e4
Nbd7 9. d4 cxd4 10. Nxd4 Qc7 11. Ndb5 Qb8 12. f4 a6 13. Nd4 O-O 14. g4 g6 15. g5
Nh5 16. f5 e5 17. f6 exd4 18. fxe7 Re8 19. Qxd4 Rxe7 20. Be3 Ne5 21. Rad1 Rd7
22. Rf1 Ng4 23. Bc1 Ne5 24. Bh3 Rd8 25. Na4 Bc8 26. Bg2 Bg4 27. Rd2 b5 28. Nb6
Ra7 29. c5 Rb7 30. Nd5 Rbd7 31. b3 Nc6 32. Nf6+ Nxf6 33. Qxf6 Qa7 34. Rd5 Ne5
35. Bb2 Re8 36. h3 Be2 37. Re1 Re6 38. Qf2 Bd3 39. cxd6 Qxf2+ 40. Kxf2 Bc2 41.
Bxe5 1-0

[Event "World Senior 65+ 2014"]
[Site "Katerini GRE"]
[Date "2014.11.02"]
[Round "9.8"]
[White "Pushkov, Nikolai"]
[Black "Gromark, Per-Olof"]
[Result "1-0"]
[WhiteTitle "GM"]
[WhiteElo "2306"]
[BlackElo "2050"]
[WhiteFideId "4117131"]
[BlackFideId "1722433"]
[EventDate "2014.10.24"]

1. Nf3 Nf6 2. c4 e6 3. Nc3 Bb4 4. Qc2 b6 5. g3 Bb7 6. Bg2 O-O 7. a3 Bxc3 8. Qxc3
d6 9. d4 Nbd7 10. O-O c5 11. b4 Qe7 12. Bb2 Rac8 13. dxc5 dxc5 14. b5 Rfd8 15.
a4 Ne8 16. a5 Qf6 17. Qb3 Qe7 18. axb6 axb6 19. Ra7 Rb8 20. Ne5 Nxe5 21. Bxe5 1-0

[Event "World Senior 65+ 2014"]
[Site "Katerini GRE"]
[Date "2014.11.02"]
[Round "9.9"]
[White "Wahlbom, Magnus"]
[Black "Savolainen, Lev P."]
[Result "1-0"]
[BlackTitle "FM"]
[WhiteElo "2283"]
[BlackElo "2083"]
[WhiteFideId "1700685"]
[BlackFideId "4135792"]
[EventDate "2014.10.24"]

1. d4 e6 2. c4 d5 3. Nc3 Nf6 4. cxd5 exd5 5. Bg5 Nbd7 6. e3 Be7 7. Bd3 a6 8.
Nge2 c5 9. dxc5 Nxc5 10. O-O Be6 11. Nf4 Qa5 12. Bc2 Ncd7 13. Bb3 Rd8 14. Nce2
O-O 15. Nd4 Nc5 16. Bc2 Rfe8 17. Qb1 Qb6 18. Bxf6 Bxf6 19. Bxh7+ Kh8 20. Rd1 g6
21. Bxg6 fxg6 22. Qxg6 Bg8 23. Qh5+ Bh7 24. Nxd5 Rxd5 25. Qxe8+ Bg8 26. Rab1 Re5
27. Qg6 Rg5 28. Qh6+ Bh7 29. b4 Nd7 30. Rbc1 Rg8 31. Nf5 Qe6 32. Rxd7 1-0

[Event "World Senior 65+ 2014"]
[Site "Katerini GRE"]
[Date "2014.11.02"]
[Round "9.10"]
[White "Peretz, Malkiel"]
[Black "Khazankin, Moisei"]
[Result "1/2-1/2"]
[WhiteTitle "FM"]
[WhiteElo "2240"]
[BlackElo "2039"]
[WhiteFideId "2800446"]
[BlackFideId "14115271"]
[EventDate "2014.10.24"]

1. e4 c5 2. Nf3 d6 3. d4 Nf6 4. Nc3 cxd4 5. Nxd4 a6 6. Bg5 Nbd7 7. f4 h6 8. Bh4
e6 9. Qf3 Qc7 10. O-O-O b5 11. Bxf6 Nxf6 12. a3 Bb7 13. f5 e5 14. Nb3 Rc8 15.
Rd2 Be7 16. Kb1 Qb6 17. Bd3 h5 18. Qf2 Qxf2 19. Rxf2 Bd8 20. Re2 Bb6 21. Nd2 Ke7
22. Nf1 h4 1/2-1/2

[Event "World Senior 65+ 2014"]
[Site "Katerini GRE"]
[Date "2014.11.02"]
[Round "9.11"]
[White "Kolbak, Jens"]
[Black "Krstic, Slobodan AUS"]
[Result "1-0"]
[WhiteElo "2232"]
[BlackElo "2038"]
[WhiteFideId "1400339"]
[BlackFideId "3203379"]
[EventDate "2014.10.24"]

1. d4 d5 2. Nf3 e6 3. c4 c6 4. Nc3 Nd7 5. e4 dxe4 6. Nxe4 Ngf6 7. Bd3 Nxe4 8.
Bxe4 Bd6 9. O-O Nf6 10. Bc2 Bd7 11. Bg5 h6 12. Bh4 g5 13. Bg3 Bxg3 14. fxg3 Rg8
15. Ne5 Rg7 16. Qf3 Ng8 17. Nxf7 Qe7 18. c5 b6 19. Nd6+ Kd8 20. Qf8+ 1-0